[Event "1st FIDE OWCCCC Pools-East 2021"]
[Site "Online"]
[Date "2021.02.20"]
[Round "5.70"]
[White "Coronel, Eddymar"]
[Black "Klimt Alaman, F.xavier"]
[Result "1-0"]
[WhiteElo "1328"]
[BlackElo "1741"]
[Annotator "NA"]
[PlyCount "53"]
[EventDate "2021.02.19"]
[EventType "team-tourn"]
[EventCountry "NET"]
[SourceTitle "playchess.com"]
[Source "ChessBase"]
[SourceQuality "1"]

1. e4 c6 2. d3 d5 3. f3 Qb6 4. Ne2 e6 5. Bd2 Qxb2 6. Nbc3 Qb6 7. Rb1 Qc7 8. Nd4 Bd6 9. Be2 Bxh2 10. Kf1 Be5 11. Be3 c5 12. Ndb5 Qc6 13. d4 cxd4 14. Bxd4 Bxd4 15. Qxd4 Nf6 16. exd5 exd5 17. Nxa7 O-O 18. Nxc6 bxc6 19. Bd3 g6 20. Qxf6 Nd7 21. Qh4 h5 22. Ne2 Rxa2 23. Nf4 Kg7 24. Rh3 Ne5 25. Nxh5+ gxh5 26. Rg3+ Kh6 27. Qg5# 1-0

[Event "1st FIDE OWCCCC Pools-East 2021"]
[Site "Online"]
[Date "2021.02.20"]
[Round "5.71"]
[White "Srivastava, Puneet"]
[Black "Sasso, Giulio"]
[Result "1-0"]
[WhiteElo "1489"]
[BlackElo "1291"]
[Annotator "NA RC"]
[PlyCount "91"]
[EventDate "2021.02.19"]
[EventType "team-tourn"]
[EventCountry "NET"]
[SourceTitle "playchess.com"]
[Source "ChessBase"]
[SourceQuality "1"]

1. e4 e5 2. Nf3 d6 3. d4 exd4 4. Nxd4 Nf6 5. Nc3 c5 6. Bb5+ Bd7 7. Bxd7+ Nbxd7 8. Nf5 g6 9. Nxd6+ Bxd6 10. Qxd6 Qe7 11. Qxe7+ Kxe7 12. Bg5 Rhe8 13. Nd5+ Ke6 14. Nc7+ Ke7 15. O-O-O Rad8 16. Nxe8 Kxe8 17. Rhe1 Rc8 18. Bxf6 Nxf6 19. e5 Nd7 20. e6 Nf6 21. exf7+ Kxf7 22. h3 h5 23. Rd6 b6 24. Ree6 Ne8 25. Rc6 Rxc6 26. Rxc6 g5 27. Kd2 Ke7 28. Ke3 Nd6 29. Rc7+ Kf6 30. Rxa7 Nc4+ 31. Ke4 Nxb2 32. Rb7 Na4 33. Kd3 Ke5 34. Rh7 h4 35. g3 hxg3 36. fxg3 b5 37. h4 gxh4 38. gxh4 Nb2+ 39. Ke2 Nc4 40. h5 Kf5 41. Rg7 Kf6 42. Rg1 Ne5 43. h6 Nf7 44. h7 Ke5 45. Rg7 Kf6 46. Rxf7+ 1-0

[Event "1st FIDE OWCCCC Pools-East 2021"]
[Site "Online"]
[Date "2021.02.20"]
[Round "5.71"]
[White "hazeltree-firsova"]
[Black "Villegas, Juan Carlos"]
[Result "0-1"]
[WhiteElo "764"]
[BlackElo "2070"]
[Annotator "TA"]
[PlyCount "92"]
[EventDate "2021.02.19"]
[EventType "team-tourn"]
[EventCountry "NET"]
[SourceTitle "playchess.com"]
[Source "ChessBase"]
[SourceQuality "1"]

1. e4 e5 2. Na3 Nf6 3. Qe2 d5 4. d3 Nc6 5. exd5 Nxd5 6. c4 Nf4 7. Qf3 Bf5 8. g3 Nxd3+ 9. Ke2 Nxc1+ 10. Rxc1 Bg6 11. Bh3 Bd6 12. Rd1 O-O 13. Qg4 Nd4+ 14. Ke1 Bf5 15. Qh4 Be7 16. Qh5 Be4 17. Qxe5 Bxh1 18. Qxd4 Qxd4 19. Rxd4 Bf6 20. Rd7 Rfe8+ 21. Kd1 Rad8 22. Ne2 Rxd7+ 23. Bxd7 Rd8 24. Nc2 Rxd7+ 25. Ned4 Bxd4 26. Nxd4 Rxd4+ 27. Kc2 Be4+ 28. Kc3 Rd3+ 29. Kb4 f5 30. c5 c6 31. a4 a6 32. Ka5 Rd5 33. Kb6 Bc2 34. a5 Kf7 35. f4 Ke6 36. b4 Rd7 37. h3 h5 38. h4 Kd5 39. Ka7 Kc4 40. g4 fxg4 41. f5 g3 42. b5 cxb5 43. f6 gxf6 44. c6 Rc7 45. Kb6 Rxc6+ 46. Kxb7 Re6 0-1

[Event "1st FIDE OWCCCC Pools-East 2021"]
[Site "Online"]
[Date "2021.02.20"]
[Round "5.71"]
[White "Auti, Sonu"]
[Black "asiek"]
[Result "0-1"]
[WhiteElo "468"]
[BlackElo "474"]
[Annotator "NA"]
[PlyCount "54"]
[EventDate "2021.02.19"]
[EventType "team-tourn"]
[EventCountry "NET"]
[SourceTitle "playchess.com"]
[Source "ChessBase"]
[SourceQuality "1"]

1. e3 e5 2. Nc3 Nc6 3. Be2 a5 4. Bg4 Nf6 5. Bf5 b6 6. Nf3 g6 7. Bd3 Ba6 8. O-O e4 9. Ng5 exd3 10. Nce4 Nxe4 11. Nxe4 dxc2 12. Qxc2 Nb4 13. Qc3 Nd5 14. Qxh8 Bxf1 15. Kxf1 Nb4 16. Qxh7 Qe7 17. Ng5 Qxg5 18. a3 Nc2 19. Ra2 b5 20. Qh3 Nxa3 21. Rxa3 Bxa3 22. bxa3 b4 23. Qf3 Qc5 24. Qxa8+ Ke7 25. Qe4+ Kd6 26. Qf4+ Kc6 27. Kg1 Qxc1# 0-1

[Event "1st FIDE OWCCCC Pools-East 2021"]
[Site "Online"]
[Date "2021.02.20"]
[Round "5.71"]
[White "Singh, Niki-Mahesh"]
[Black "Dalmais, Camille"]
[Result "0-1"]
[WhiteElo "298"]
[BlackElo "828"]
[Annotator "NA RC"]
[PlyCount "92"]
[EventDate "2021.02.19"]
[EventType "team-tourn"]
[EventCountry "NET"]
[SourceTitle "playchess.com"]
[Source "ChessBase"]
[SourceQuality "1"]

1. Nh3 e5 2. e3 d5 3. c4 Nf6 4. b3 d4 5. exd4 exd4 6. f3 Bf5 7. Bb2 Nc6 8. d3 Bb4+ 9. Nd2 O-O 10. g4 Bg6 11. Nf4 Ne5 12. a3 Bc5 13. b4 Be7 14. Nxg6 Nxg6 15. Ne4 Nxe4 16. dxe4 c5 17. bxc5 Bxc5 18. Rc1 Nf4 19. e5 Qa5+ 20. Qd2 Qxd2+ 21. Kxd2 Rad8 22. Bd3 Nxd3 23. Kxd3 h6 24. Bxd4 Bxd4 25. Rhe1 Bb2+ 26. Kc2 Bd4 27. Re4 Rfe8 28. Kd3 Bxe5+ 29. Rd4 Bxd4 30. Kd2 Bb2+ 31. Kc2 Re2+ 32. Kb3 Bxc1 33. c5 Rd3+ 34. Kc4 Rxf3 35. h3 Rxh3 36. Kd5 Rd3+ 37. Kc4 Rxa3 38. c6 bxc6 39. Kc5 Ra6 40. Kd6 Bf4+ 41. Kc5 Rc2+ 42. Kd4 Ra4+ 43. Kd3 Rd2+ 44. Kc3 Ra1 45. Kc4 Rc1+ 46. Kb4 Rb2+ 0-1

[Event "1st FIDE OWCCCC Pools-East 2021"]
[Site "Online"]
[Date "2021.02.20"]
[Round "5.72"]
[White "Khoperia, Zaza"]
[Black "Roy, Kingshuk"]
[Result "1-0"]
[WhiteElo "2225"]
[BlackElo "706"]
[Annotator "TA"]
[PlyCount "73"]
[EventDate "2021.02.19"]
[EventType "team-tourn"]
[EventCountry "NET"]
[SourceTitle "playchess.com"]
[Source "ChessBase"]
[SourceQuality "1"]

1. e4 e5 2. Nc3 Nf6 3. Nf3 d6 4. Bb5+ c6 5. Bc4 b5 6. Bb3 a6 7. O-O b4 8. Ne2 Nxe4 9. d4 Nd7 10. Bd2 a5 11. c3 Rb8 12. a3 exd4 13. Nexd4 c5 14. Nc6 Qb6 15. Nxb8 Qxb8 16. Re1 Qb7 17. Bf4 Be7 18. Qc2 d5 19. c4 dxc4 20. Bxc4 Ndf6 21. Rad1 O-O 22. Ne5 Be6 23. Bg5 Bxc4 24. Qxc4 Nd6 25. Qxc5 bxa3 26. Bd2 axb2 27. Qxa5 Ra8 28. Qc3 Nde4 29. Qc2 Ra5 30. f4 Nxd2 31. Rxd2 Qb6+ 32. Kf1 Ra1 33. Rdd1 Qb5+ 34. Kf2 Bc5+ 35. Kg3 Ra3+ 36. Kh4 g5+ 37. fxg5 1-0

[Event "1st FIDE OWCCCC Pools-East 2021"]
[Site "Online"]
[Date "2021.02.20"]
[Round "5.72"]
[White "Manca, Maria Chiara"]
[Black "Garg, Richa"]
[Result "1-0"]
[WhiteElo "1267"]
[BlackElo "654"]
[Annotator "NA RC"]
[PlyCount "45"]
[EventDate "2021.02.19"]
[EventType "team-tourn"]
[EventCountry "NET"]
[SourceTitle "playchess.com"]
[Source "ChessBase"]
[SourceQuality "1"]

1. e4 Nf6 2. Nc3 d5 3. exd5 Nxd5 4. Nxd5 Qxd5 5. Nf3 e5 6. d3 Bb4+ 7. Bd2 a5 8. Be2 Bg4 9. h3 Bh5 10. c4 Qe6 11. Ng5 Qf5 12. Bxh5 g6 13. Bg4 Qf6 14. Ne4 Qd8 15. O-O Qxd3 16. Qa4+ Nc6 17. Bxb4 axb4 18. Qxa8+ Nd8 19. Nf6+ Kf8 20. Rad1 Qxc4 21. Qxd8+ Kg7 22. Qe7 Qc6 23. Nd5 1-0

[Event "1st FIDE OWCCCC Pools-East 2021"]
[Site "Online"]
[Date "2021.02.20"]
[Round "5.72"]
[White "Tvardovskaya, Darya"]
[Black "Noah, A .H. Al-Ali"]
[Result "1-0"]
[WhiteElo "1171"]
[BlackElo "2247"]
[Annotator "TA"]
[PlyCount "91"]
[EventDate "2021.02.19"]
[EventType "team-tourn"]
[EventCountry "NET"]
[SourceTitle "playchess.com"]
[Source "ChessBase"]
[SourceQuality "1"]

1. e4 e5 2. Nf3 Nc6 3. c3 Nf6 4. d3 d5 5. exd5 Nxd5 6. d4 e4 7. Nfd2 f5 8. Be2 Bd6 9. O-O O-O 10. f3 e3 11. Nc4 f4 12. Nxd6 Qxd6 13. c4 Nf6 14. d5 Ne5 15. b3 b6 16. Bb2 Bf5 17. Nc3 a6 18. Qd4 c5 19. Qxf4 Nf7 20. Qxf5 Nh6 21. Qe6+ Nf7 22. Qxe3 Rae8 23. Qf2 Nh5 24. Ne4 Qg6 25. g3 Ng5 26. Nxg5 Qxg5 27. Bc1 Qf6 28. Be3 g6 29. Rae1 Ng7 30. Bf4 Nf5 31. Bd3 Qc3 32. Bxf5 Rxf5 33. Rxe8+ Kf7 34. Re6 g5 35. Be3 g4 36. f4 Qa5 37. Re1 b5 38. cxb5 Qxb5 39. Bxc5 Qd3 40. Re7+ Kg6 41. R1e6+ Rf6 42. Rxf6+ Kxf6 43. Rxh7 Qxh7 44. Qd4+ Kg6 45. Qe5 Qh4 46. Qe6+ 1-0

[Event "1st FIDE OWCCCC Pools-East 2021"]
[Site "Online"]
[Date "2021.02.20"]
[Round "5.72"]
[White "Ghazal, Omar"]
[Black "touchmove"]
[Result "1-0"]
[WhiteElo "1024"]
[BlackElo "509"]
[Annotator "NA RC"]
[PlyCount "93"]
[EventDate "2021.02.19"]
[EventType "team-tourn"]
[EventCountry "NET"]
[SourceTitle "playchess.com"]
[Source "ChessBase"]
[SourceQuality "1"]

1. e3 e6 2. Nf3 Nf6 3. Na3 d5 4. d4 Nc6 5. h3 Ne4 6. Bd3 Nd6 7. Ng5 f6 8. Nxh7 Nb4 9. Qh5+ Ke7 10. Qg6 Nxc2+ 11. Bxc2 Kd7 12. Ba4+ c6 13. Nxf8+ Qxf8 14. Bd2 b5 15. Bc2 Rh6 16. Qg3 Ne4 17. Qf4 Rg6 18. Bxe4 dxe4 19. Qxe4 f5 20. Qf3 Kd8 21. Rc1 Rb8 22. Qxc6 Rxg2 23. Ba5+ Ke7 24. Qxg2 b4 25. Bxb4+ Rxb4 26. Qg5+ Kf7 27. Rc7+ Kg8 28. Rg1 Rxb2 29. Rxg7+ Qxg7 30. Qd8+ Kf7 31. Rxg7+ Kxg7 32. Qxc8 Rxa2 33. Nc2 Rb2 34. Qc7+ Kf6 35. Qe5+ Ke7 36. Kd2 Kd7 37. h4 f4 38. Qxf4 a5 39. h5 a4 40. Kc3 Rb8 41. Qxb8 a3 42. Nxa3 Kc6 43. h6 Kd7 44. h7 Kc6 45. h8=Q Kd5 46. Qhe5+ Kc6 47. Qbb5# 1-0

[Event "1st FIDE OWCCCC Pools-East 2021"]
[Site "Online"]
[Date "2021.02.20"]
[Round "5.73"]
[White "Phelipot, Lucas"]
[Black "Rakshith Srinivasan"]
[Result "0-1"]
[WhiteElo "1508"]
[BlackElo "1899"]
[Annotator "NA RC"]
[PlyCount "156"]
[EventDate "2021.02.19"]
[EventType "team-tourn"]
[EventCountry "NET"]
[SourceTitle "playchess.com"]
[Source "ChessBase"]
[SourceQuality "1"]

1. e4 e5 2. Nf3 Nc6 3. Bc4 Bc5 4. b4 Bxb4 5. c3 Be7 6. d4 Na5 7. Nxe5 Nxc4 8. Nxc4 d5 9. Ne3 dxe4 10. O-O Nf6 11. Nd2 O-O 12. f3 exf3 13. Nxf3 c5 14. Ne5 cxd4 15. cxd4 Be6 16. N3g4 Nxg4 17. Nxg4 Bxg4 18. Qxg4 Bf6 19. Be3 Kh8 20. Rf3 Qc8 21. Qh5 g6 22. Qd5 Bg7 23. Raf1 f5 24. Rh3 Qc6 25. Qb3 Rae8 26. Bh6 Bxd4+ 27. Kh1 Bg7 28. Bxg7+ Kxg7 29. Rc3 Qa6 30. Rc7+ Kh8 31. Qc3+ Qf6 32. Qb3 Re7 33. Rxb7 Qa6 34. Qb2+ Kg8 35. Qb3+ Rff7 36. Rb8+ Kg7 37. Rb1 Qa5 38. h3 Qe5 39. a4 f4 40. Rb5 Qe6 41. Qc3+ Qf6 42. Qxf6+ Rxf6 43. Rf1 a6 44. Rb4 g5 45. h4 h6 46. hxg5 hxg5 47. a5 Re5 48. Ra1 Kg6 49. Kg1 Rfe6 50. Kf2 Kf5 51. Rb6 g4 52. Rxe6 Kxe6 53. Ra4 Kf5 54. Ra1 Rb5 55. Ra3 Rb2+ 56. Kf1 Ke4 57. Ra4+ Ke3 58. Ra3+ Ke4 59. Ra4+ Ke5 60. Ra3 Rc2 61. Rb3 Ra2 62. Rb6 Rxa5 63. Rb8 Ra1+ 64. Ke2 Ra2+ 65. Kf1 g3 66. Re8+ Kd4 67. Rf8 Rf2+ 68. Kg1 Kc4 69. Ra8 Kb5 70. Rb8+ Ka4 71. Ra8 a5 72. Rb8 Ka3 73. Rb7 a4 74. Rb5 Ka2 75. Rb6 a3 76. Rb5 Ka1 77. Rb6 Rb2 78. Ra6 Rb1# 0-1

[Event "1st FIDE OWCCCC Pools-East 2021"]
[Site "Online"]
[Date "2021.02.20"]
[Round "5.73"]
[White "Venkat, Rahul"]
[Black "Dracka, Alexander"]
[Result "1-0"]
[WhiteElo "1379"]
[BlackElo "1598"]
[Annotator "NA RC"]
[PlyCount "59"]
[EventDate "2021.02.19"]
[EventType "team-tourn"]
[EventCountry "NET"]
[SourceTitle "playchess.com"]
[Source "ChessBase"]
[SourceQuality "1"]

1. d4 Nf6 2. c4 e6 3. Nf3 Bb4+ 4. Nc3 Bxc3+ 5. bxc3 O-O 6. Bg5 d6 7. e4 h6 8. Bh4 g5 9. Nxg5 hxg5 10. Bxg5 e5 11. Qf3 Nbd7 12. Bd3 Kg7 13. h4 Qe8 14. h5 Qe6 15. Rh4 Rg8 16. Ke2 Kf8 17. d5 Qe7 18. Qe3 Nc5 19. Bc2 c6 20. h6 Rg6 21. h7 Ke8 22. h8=Q+ Kd7 23. dxc6+ bxc6 24. Bxf6 Rxf6 25. Qh3+ Kc7 26. Qe3 Bg4+ 27. f3 Rxh8 28. Rxh8 Be6 29. Bd3 Na4 30. Qxa7# 1-0

[Event "1st FIDE OWCCCC Pools-East 2021"]
[Site "Online"]
[Date "2021.02.20"]
[Round "5.73"]
[White "o_j"]
[Black "Goujon, Antoine"]
[Result "0-1"]
[WhiteElo "1267"]
[BlackElo "1780"]
[Annotator "NA"]
[PlyCount "98"]
[EventDate "2021.02.19"]
[EventType "team-tourn"]
[EventCountry "NET"]
[SourceTitle "playchess.com"]
[Source "ChessBase"]
[SourceQuality "1"]

1. e4 c5 2. g3 Nc6 3. Nf3 g6 4. Nc3 Bg7 5. Bg2 Nf6 6. Nd5 Nxe4 7. O-O O-O 8. d3 Nf6 9. Bg5 Nxd5 10. c4 Nf6 11. Rb1 d6 12. Re1 Bg4 13. Qb3 Qd7 14. a3 h6 15. Bd2 Rab8 16. Bc3 Rfe8 17. Qc2 Bxf3 18. Bxf3 Nd4 19. Bxd4 cxd4 20. Bg2 e5 21. h3 Qc7 22. Kh2 Rbc8 23. Rbc1 a5 24. a4 Nd7 25. Bd5 Nb6 26. Be4 d5 27. Bf3 dxc4 28. dxc4 Nd7 29. Bg4 f5 30. Bf3 e4 31. Bg2 Nc5 32. b3 Nd3 33. Rxe4 fxe4 34. Rd1 Qe5 35. Bf1 Nb4 36. Qd2 e3 37. fxe3 dxe3 38. Qe2 Rcd8 39. Re1 Rd2 40. Qxd2 exd2 41. Rxe5 Rxe5 42. Bg2 Re2 43. h4 d1=Q 44. Kh3 Qd7+ 45. Kh2 Qd2 46. Kh3 Rxg2 47. Kg4 h5+ 48. Kf3 Qe2+ 49. Kf4 Bh6# 0-1

[Event "1st FIDE OWCCCC Pools-East 2021"]
[Site "Online"]
[Date "2021.02.20"]
[Round "5.73"]
[White "Smallman, Clint"]
[Black "Fernandes, Gervano"]
[Result "0-1"]
[WhiteElo "908"]
[BlackElo "1311"]
[Annotator "NA RC"]
[PlyCount "148"]
[EventDate "2021.02.19"]
[EventType "team-tourn"]
[EventCountry "NET"]
[SourceTitle "playchess.com"]
[Source "ChessBase"]
[SourceQuality "1"]

1. d4 c5 2. Nf3 e6 3. Bf4 Nc6 4. e3 cxd4 5. exd4 d5 6. Bd3 g6 7. c3 Bg7 8. h3 Nge7 9. Nbd2 b6 10. O-O Bb7 11. Re1 O-O 12. Be5 Nxe5 13. Nxe5 f6 14. Nef3 Qd6 15. Qe2 Bc8 16. Rad1 Nc6 17. Nb3 Bd7 18. Nfd2 e5 19. dxe5 Nxe5 20. Qf1 Rfe8 21. Re3 Rac8 22. Rde1 Nxd3 23. Qxd3 Rxe3 24. Rxe3 Bh6 25. Rf3 Re8 26. Nd4 Bxd2 27. Qxd2 Qe5 28. Re3 Qg5 29. Rxe8+ Bxe8 30. Qxg5 fxg5 31. Ne6 h6 32. f4 gxf4 33. Nxf4 Bf7 34. h4 Kg7 35. b4 Kf6 36. g4 Ke5 37. Nd3+ Ke4 38. Nf2+ Kf4 39. g5 hxg5 40. hxg5 Kxg5 41. Nh3+ Kf5 42. Nf2 Kf4 43. Nd3+ Ke3 44. Nc1 Kd2 45. Nb3+ Kxc3 46. Nc1 Kxb4 47. Nd3+ Kc4 48. Ne5+ Kb4 49. Nxf7 d4 50. Ne5 Kc3 51. Nf3 d3 52. Kf1 d2 53. Nxd2 Kxd2 54. Kf2 Kc3 55. Kf3 Kb2 56. Kf4 Kxa2 57. Kg5 Kb3 58. Kxg6 a5 59. Kf5 a4 60. Ke5 b5 61. Kd5 Kc3 62. Kc5 b4 63. Kb5 a3 64. Ka4 a2 65. Kb5 a1=Q 66. Kc5 b3 67. Kd5 Qd1+ 68. Kc5 Qd4+ 69. Kb5 b2 70. Kc6 b1=Q 71. Kc7 Qh7+ 72. Kc6 Qg6+ 73. Kc7 Qdg7+ 74. Kb8 Qe8# 0-1

[Event "1st FIDE OWCCCC Pools-East 2021"]
[Site "Online"]
[Date "2021.02.20"]
[Round "5.74"]
[White "Soham Naik"]
[Black "Mokashi, Magnesh"]
[Result "0-1"]
[WhiteElo "1292"]
[BlackElo "1799"]
[Annotator "NA"]
[PlyCount "72"]
[EventDate "2021.02.19"]
[EventType "team-tourn"]
[EventCountry "NET"]
[SourceTitle "playchess.com"]
[Source "ChessBase"]
[SourceQuality "1"]

1. e4 e6 2. d4 d5 3. e5 c5 4. c3 Nc6 5. Nf3 Nge7 6. Bb5 Bd7 7. O-O cxd4 8. cxd4 Nf5 9. Bxc6 bxc6 10. Bf4 c5 11. Nc3 Be7 12. h3 O-O 13. Qd2 Qb6 14. b3 Nxd4 15. Nxd4 cxd4 16. Rad1 dxc3 17. Qxc3 Rac8 18. Qg3 Rfe8 19. Bh6 Bf8 20. Rd3 Bb5 21. Rf3 Bxf1 22. Kxf1 Re7 23. Qg4 g6 24. Bg5 Rec7 25. g3 Rc3 26. Rf6 R3c6 27. Rf3 Qc7 28. Kg2 Bg7 29. Bf6 Qd7 30. Bg5 d4 31. Rd3 Bxe5 32. f4 Bg7 33. Kf3 Rc3 34. Ke4 Rxd3 35. Kxd3 Rc3+ 36. Ke4 Qd5# 0-1

[Event "1st FIDE OWCCCC Pools-East 2021"]
[Site "Online"]
[Date "2021.02.20"]
[Round "5.74"]
[White "Carrier, Nathalie"]
[Black "Thakar, Mitulkumar"]
[Result "0-1"]
[WhiteElo "908"]
[BlackElo "1349"]
[Annotator "NA"]
[PlyCount "74"]
[EventDate "2021.02.19"]
[EventType "team-tourn"]
[EventCountry "NET"]
[SourceTitle "playchess.com"]
[Source "ChessBase"]
[SourceQuality "1"]

1. d4 e6 2. Bf4 Nf6 3. e3 Be7 4. c3 O-O 5. Nf3 Nc6 6. Be2 d6 7. Nbd2 Bd7 8. O-O Nd5 9. Bg3 Bf6 10. Nb3 Qe7 11. Bd3 e5 12. Qc2 g6 13. Rad1 Bg7 14. Bc4 Nb6 15. Rfe1 Nxc4 16. Qd3 Nxb2 17. Qe4 Nxd1 18. Rxd1 Bf5 19. Qh4 Qxh4 20. Bxh4 Bc2 21. Rd2 Bxb3 22. Rb2 Bd5 23. Rxb7 Bxf3 24. gxf3 exd4 25. Rxc7 Ne5 26. f4 Nf3+ 27. Kg2 Nxh4+ 28. Kh3 Nf3 29. exd4 Rfc8 30. Re7 Rxc3 31. Kg4 Nxh2+ 32. Kh4 Bxd4 33. Kg5 Nf3+ 34. Kg4 Bxf2 35. f5 Ne5+ 36. Kg5 Rh3 37. Kf6 Bh4# 0-1

[Event "1st FIDE OWCCCC Pools-East 2021"]
[Site "Online"]
[Date "2021.02.20"]
[Round "5.75"]
[White "Dudley, Sarah"]
[Black "aneetasarkaar"]
[Result "1-0"]
[WhiteElo "1373"]
[BlackElo "159"]
[Annotator "NA RC"]
[PlyCount "53"]
[EventDate "2021.02.19"]
[EventType "team-tourn"]
[EventCountry "NET"]
[SourceTitle "playchess.com"]
[Source "ChessBase"]
[SourceQuality "1"]

1. e4 c6 2. Nc3 Qa5 3. Nf3 g6 4. Bc4 b6 5. O-O Nf6 6. d3 Ng4 7. Ng5 f6 8. Nf7 Rg8 9. Qxg4 e6 10. Bf4 Na6 11. Bxa6 Bxa6 12. e5 Rg7 13. Nd6+ Kd8 14. Nde4 g5 15. exf6 Rg6 16. Nxg5 Rh6 17. Nf7+ Ke8 18. Nxh6 e5 19. f7+ Ke7 20. Qg5+ Kd6 21. Qf6+ Kc7 22. Bxe5+ Kc8 23. Qh8 Kb7 24. Nf5 d6 25. Bxd6 Qxf5 26. Rfe1 Qh5 27. Bxf8 1-0

[Event "1st FIDE OWCCCC Pools-East 2021"]
[Site "Online"]
[Date "2021.02.20"]
[Round "5.75"]
[White "Pandya, Dhaval"]
[Black "Vecera, Petr"]
[Result "1-0"]
[WhiteElo "1243"]
[BlackElo "2019"]
[Annotator "NA"]
[PlyCount "79"]
[EventDate "2021.02.19"]
[EventType "team-tourn"]
[EventCountry "NET"]
[SourceTitle "playchess.com"]
[Source "ChessBase"]
[SourceQuality "1"]

1. e4 c6 2. a3 d5 3. e5 Bf5 4. d4 e6 5. h3 c5 6. dxc5 Bxc5 7. Bb5+ Nc6 8. Bxc6+ bxc6 9. Nf3 Qb6 10. O-O Ne7 11. c3 Ng6 12. b4 Be7 13. Be3 Qb8 14. a4 Nxe5 15. Nxe5 Qxe5 16. Re1 Bd6 17. g3 Bxb4 18. Bd4 Qd6 19. cxb4 Qxb4 20. Bxg7 Rg8 21. Bc3 Qd6 22. g4 Be4 23. Nd2 Qc5 24. Nxe4 dxe4 25. Bd4 Qd5 26. Qc2 c5 27. Bb2 Rb8 28. Rad1 Qb7 29. Be5 Rd8 30. Qxc5 Rg5 31. f4 Rxd1 32. Rxd1 Rg8 33. Qa5 Ke7 34. Bd6+ Kf6 35. g5+ Kg6 36. Qe5 Qb6+ 37. Kf1 Qa6+ 38. Kg2 Qxa4 39. Qf6+ Kh5 40. Qh6# 1-0

[Event "1st FIDE OWCCCC Pools-East 2021"]
[Site "Online"]
[Date "2021.02.20"]
[Round "5.76"]
[White "Ricome, Juliette"]
[Black "omRto"]
[Result "0-1"]
[WhiteElo "1132"]
[BlackElo "1365"]
[Annotator "NA"]
[PlyCount "92"]
[EventDate "2021.02.19"]
[EventType "team-tourn"]
[EventCountry "NET"]
[SourceTitle "playchess.com"]
[Source "ChessBase"]
[SourceQuality "1"]

1. e4 e5 2. Nc3 Nf6 3. d3 Bb4 4. a3 Bxc3+ 5. bxc3 O-O 6. Nf3 d6 7. d4 Nxe4 8. Bd3 Nxc3 9. Qd2 e4 10. Qxc3 exf3 11. gxf3 Re8+ 12. Kf1 b6 13. d5 Ba6 14. Bh6 Bxd3+ 15. Qxd3 gxh6 16. Qd4 Nd7 17. Rg1+ Kf8 18. Qg7+ Ke7 19. Re1+ Ne5 20. Qxh7 Rh8 21. Qf5 Kf8 22. Re4 b5 23. f4 Nf3 24. Rg4 Nd2+ 25. Ke1 Nxe4 26. Qxe4 Qe8 27. f5 Qxe4+ 28. Rxe4 f6 29. Re6 Kf7 30. Re4 a5 31. h4 h5 32. a4 bxa4 33. Rxa4 Rhg8 34. Ke2 Rg4 35. Ra3 Rxh4 36. Rg3 Rf4 37. Ke3 Rxf5 38. Ke4 Rg5 39. Rf3 a4 40. Rf5 Rxf5 41. Kxf5 a3 42. c4 a2 43. c5 dxc5 44. f4 a1=Q 45. Ke4 Qa4+ 46. Kf5 Qc2# 0-1

[Event "1st FIDE OWCCCC Pools-East 2021"]
[Site "Online"]
[Date "2021.02.20"]
[Round "5.77"]
[White "Callagher, Liam"]
[Black "Bashkirov, Igor"]
[Result "0-1"]
[WhiteElo "870"]
[BlackElo "1479"]
[Annotator "NA RC"]
[PlyCount "106"]
[EventDate "2021.02.19"]
[EventType "team-tourn"]
[EventCountry "NET"]
[SourceTitle "playchess.com"]
[Source "ChessBase"]
[SourceQuality "1"]

1. e4 e5 2. Nc3 Nc6 3. Nf3 Nf6 4. Bb5 d6 5. O-O Be7 6. Nd5 O-O 7. Nxf6+ Bxf6 8. Bxc6 bxc6 9. d3 Ba6 10. Be3 d5 11. Qd2 dxe4 12. dxe4 Qxd2 13. Nxd2 Bxf1 14. Kxf1 a5 15. c4 Rfd8 16. Rd1 Rab8 17. b3 Be7 18. Ba7 Rb7 19. Be3 g6 20. f3 Bb4 21. a4 c5 22. f4 f6 23. fxe5 fxe5 24. Ke2 c6 25. g3 Rbd7 26. Bg5 Re8 27. Nf3 Rxd1 28. Kxd1 Rf8 29. Nxe5 Rf1+ 30. Ke2 Rh1 31. h4 Kg7 32. Nxc6 Bc3 33. g4 h6 34. Bd2 Rh2+ 35. Kd3 Bxd2 36. Ne5 Bb4 37. Nf3 Rh3 38. Ke3 Bd2+ 39. Kxd2 Rxf3 40. b4 axb4 41. a5 Ra3 42. Ke2 Rxa5 43. e5 Ra6 44. Kd3 Kf7 45. Ke4 Ke6 46. g5 h5 47. Kf4 b3 48. Ke4 b2 49. Kf4 b1=Q 50. Ke3 Qf5 51. Ke2 Qxe5+ 52. Kd1 Ra2 53. Kc1 Qa1# 0-1

[Event "1st FIDE OWCCCC Pools-East 2021"]
[Site "Online"]
[Date "2021.02.20"]
[Round "5.78"]
[White "Kucherov, Pavel"]
[Black "Metwally, Moemem"]
[Result "1-0"]
[WhiteElo "1686"]
[BlackElo "920"]
[Annotator "NA"]
[PlyCount "63"]
[EventDate "2021.02.19"]
[EventType "team-tourn"]
[EventCountry "NET"]
[SourceTitle "playchess.com"]
[Source "ChessBase"]
[SourceQuality "1"]

1. e4 d5 2. exd5 Qxd5 3. Nc3 Qe6+ 4. Be2 Na6 5. Nf3 b6 6. O-O Nf6 7. Re1 Bb7 8. Bxa6 Qc6 9. Bb5 Qxb5 10. Nxb5 O-O-O 11. Nxa7+ Kb8 12. Nb5 e5 13. Rxe5 Bc5 14. d4 Bd6 15. Nxd6 cxd6 16. Re7 Rhf8 17. Bf4 Nd5 18. Rxb7+ Kxb7 19. Bg3 h5 20. c4 Nb4 21. Qa4 Na6 22. d5 f6 23. Qc6+ Ka7 24. Bxd6 Rfe8 25. b4 Rc8 26. Qd7+ Ka8 27. Qb5 Ka7 28. c5 bxc5 29. bxc5 Nc7 30. Qb6+ Ka8 31. Bxc7 Rb8 32. Qa6# 1-0

[Event "1st FIDE OWCCCC Pools-East 2021"]
[Site "Online"]
[Date "2021.02.19"]
[Round "6"]
[White "Warakomski, Tomasz"]
[Black "Tiwari, Bhaskar"]
[Result "1-0"]
[WhiteElo "2510"]
[BlackElo "1624"]
[Annotator "RC"]
[PlyCount "135"]
[EventDate "2021.02.19"]
[EventType "team-tourn"]
[EventCountry "NET"]
[SourceTitle "playchess.com"]
[Source "ChessBase"]
[SourceQuality "1"]

1. e4 e5 2. Nc3 Nf6 3. g3 Nc6 4. Bg2 Bb4 5. Nge2 d6 6. h3 Be6 7. Nd5 Bxd5 8. exd5 Ne7 9. c3 Ba5 10. Qa4+ c6 11. dxc6 bxc6 12. Bxc6+ Nxc6 13. Qxc6+ Ke7 14. d4 Qc7 15. Qxc7+ Bxc7 16. b3 h6 17. dxe5 dxe5 18. Ba3+ Ke6 19. O-O Bd6 20. Bxd6 Kxd6 21. Rad1+ Ke6 22. Rfe1 Rad8 23. Nd4+ Rxd4 24. Rxd4 Rc8 25. Ra4 Rxc3 26. Rxa7 e4 27. b4 Rc4 28. b5 Nd5 29. Rb1 Nc3 30. Rb2 Nd1 31. Re2 Nc3 32. Rc2 Nxb5 33. Rxc4 Nxa7 34. Rxe4+ Kd5 35. Rg4 g5 36. h4 f6 37. h5 Nc6 38. Ra4 Kc5 39. Kg2 f5 40. Ra6 Kb5 41. Rxc6 Kxc6 42. g4 f4 43. Kf3 Kc5 44. Ke4 Kb4 45. Kf5 Kc3 46. Kg6 Kd3 47. Kxh6 f3 48. Kxg5 Ke2 49. h6 Kxf2 50. h7 Kg2 51. h8=Q f2 52. Qf6 Kg1 53. Qxf2+ Kxf2 54. a4 Ke3 55. a5 Kd4 56. a6 Kc5 57. a7 Kb6 58. a8=Q Kc5 59. Qe4 Kd6 60. Kf4 Kd7 61. g5 Kd6 62. g6 Kc7 63. g7 Kd6 64. g8=Q Kd7 65. Qg5 Kd6 66. Qeg6+ Kc7 67. Q5h6 Kd8 68. Qgg7 1-0

[Event "1st FIDE OWCCCC Pools-East 2021"]
[Site "Online"]
[Date "2021.02.19"]
[Round "6"]
[White "Sriram, Jha"]
[Black "Papp, Petra"]
[Result "0-1"]
[WhiteElo "2379"]
[BlackElo "2336"]
[Annotator "TA"]
[PlyCount "64"]
[EventDate "2021.02.19"]
[EventType "team-tourn"]
[EventCountry "NET"]
[SourceTitle "playchess.com"]
[Source "ChessBase"]
[SourceQuality "1"]

1. d4 Nf6 2. c4 g6 3. g3 Bg7 4. Bg2 O-O 5. Nf3 d6 6. O-O Nc6 7. Nc3 e5 8. dxe5 dxe5 9. Bg5 Be6 10. Qc1 Qc8 11. Rd1 Bh3 12. Bxf6 Bxf6 13. Nd5 Bg7 14. Bxh3 Qxh3 15. Nxc7 Rac8 16. Nd5 Rce8 17. Ng5 Qh5 18. Ne4 f5 19. Nec3 Nd4 20. Qe3 f4 21. Qe4 f3 22. Rd3 fxe2 23. g4 Qh4 24. Rg3 Ne6 25. Nxe2 Ng5 26. Qg2 e4 27. Rd1 Bxb2 28. Rb3 Be5 29. h3 Rf7 30. Rf1 Ref8 31. c5 Rf3 32. Ne7+ Kh8 0-1